[Event "Pardubice rapid op 33rd"]
[Site "Pardubice"]
[Date "2022.07.21"]
[Round "4"]
[White "Mierins, Emils Janis"]
[Black "Stocek, Martin"]
[Result "1-0"]
[WhiteElo "2042"]
[BlackElo "1851"]
[PlyCount "139"]
[EventDate "2022.07.20"]
[EventType "swiss (rapid)"]
[EventRounds "9"]
[EventCountry "CZE"]
[SourceTitle "CBM 209 Extra"]
[Source "ChessBase"]
[SourceDate "2022.09.30"]
[SourceVersion "1"]
[SourceVersionDate "2022.09.30"]
[SourceQuality "1"]

1. e4 c6 2. d4 d5 3. exd5 cxd5 4. Bd3 Nf6 5. c3 Nc6 6. Bf4 Bg4 7. Qb3 Qd7 8. Nd2 a6 9. Ngf3 Bh5 10. Ne5 Qc8 11. 0-0 e6 12. Nxc6 Qxc6 13. c4 Bg6 14. Rac1 Bd6 15. cxd5 Qxd5 16. Bxd6 Qxd6 17. Qxb7 0-0 18. Bxg6 hxg6 19. Nb3 a5 20. Qc6 Qf4 21. g3 Qg4 22. Rfe1 a4 23. Nc5 Qxd4 24. Re2 Rfc8 25. Qb5 Rab8 26. Qc4 Qd6 27. Rec2 Nd7 28. Nb7 Rxc4 29. Nxd6 Rxc2 30. Rxc2 Ne5 31. f4 Nd3 32. b3 axb3 33. axb3 Rxb3 34. Rc8+ Kh7 35. Nxf7 Rb1+ 36. Kg2 g5 37. Nxg5+ Kg6 38. Nxe6 Rb2+ 39. Kh3 Kf6 40. Nd4 Nf2+ 41. Kh4 Rb4 42. Rc6+ Kf7 43. Nf3 Ne4 44. Ng5+ Nxg5 45. Kxg5 Rb2 46. h4 Rb3 47. g4 Rb1 48. h5 Rb7 49. h6 gxh6+ 50. Rxh6 Kg7 51. f5 Rb4 52. Rc6 Rb7 53. Kh5 Rb5 54. Kg5 Rb7 55. Re6 Kf7 56. Kf4 Rb4+ 57. Re4 Rb7 58. g5 Rb5 59. g6+ Kf6 60. Re6+ Kg7 61. Re7+ Kf8 62. Rf7+ Kg8 63. Kg5 Rb6 64. Rc7 Rb5 65. Re7 Kf8 66. Rf7+ Kg8 67. Kh6 Rb1 68. Rc7 Rh1+ 69. Kg5 Rg1+ 70. Kf6 1-0

[Event "CZE-ch U16"]
[Site "Herlikovice"]
[Date "2021.10.28"]
[Round "7"]
[White "Lev, Lukas"]
[Black "Stocek, Martin"]
[Result "1-0"]
[WhiteElo "1566"]
[BlackElo "1775"]
[PlyCount "157"]
[EventDate "2021.10.23"]
[EventType "swiss"]
[EventRounds "9"]
[EventCountry "CZE"]
[SourceTitle "EXT 2023"]
[Source "ChessBase"]
[SourceDate "2022.10.05"]
[SourceVersion "1"]
[SourceVersionDate "2022.10.05"]
[SourceQuality "1"]

1. Nf3 Nf6 2. g3 d5 3. Bg2 e6 4. d4 Bd6 5. 0-0 0-0 6. Nbd2 Nbd7 7. b3 Re8 8. c4 c6 9. Bb2 Nf8 10. Re1 Ng6 11. e4 Bb4 12. e5 Ne4 13. Nxe4 Bxe1 14. Nd6 Bb4 15. Nxe8 Qxe8 16. Nd2 Qd8 17. f4 Ne7 18. Nf3 Nf5 19. a3 Bf8 20. Qd3 h5 21. Bh3 g6 22. Bxf5 exf5 23. c5 b6 24. b4 a5 25. Bc3 Be7 26. h4 axb4 27. Bxb4 bxc5 28. dxc5 Qd7 29. Kf2 Bd8 30. Qc3 Bc7 31. Nd4 Qe8 32. Re1 Be6 33. Ra1 Ra7 34. Re1 Qa8 35. Rb1 Ra6 36. Rb2 Qa7 37. Ke3 Ba5 38. Nc2 Bxb4 39. Rxb4 Ra5 40. Kd4 Bc8 41. Rb8 Ra4+ 42. Rb4 Bd7 43. Qb3 Ra5 44. Rb8+ Kh7 45. Qb6 Ra4+ 46. Kd3 Qa6+ 47. Qxa6 Rxa6 48. Rb7 Be6 49. Kd4 Kg7 50. Rb4 Kf8 51. a4 Ke7 52. Na1 Kd7 53. Nb3 Kc7 54. a5 Bc8 55. Rb6 Ra7 56. Kc3 Bd7 57. Kb4 Bc8 58. Nd4 Bd7 59. a6 Be8 60. e6 fxe6 61. Nxe6+ Kc8 62. Ka5 Bd7 63. Ng5 Kc7 64. Nf3 Be8 65. Ne5 d4 66. Kb4 Ra8 67. Kc4 Rd8 68. Rb7+ Kc8 69. Re7 Kb8 70. Rb7+ Kc8 71. Rg7 Kb8 72. Kd3 Rd5 73. a7+ Ka8 74. Nc4 Bd7 75. Rxd7 Rxd7 76. Nb6+ Kxa7 77. Nxd7 Ka6 78. Kxd4 Kb5 79. Ne5 1-0